European economic history : (Record no. 1530)
[ view plain ]
| 000 -LEADER | |
|---|---|
| fixed length control field | 00809nac a22001931u 4500 |
| 010 ## - LIBRARY OF CONGRESS CONTROL NUMBER | |
| LC control number | 78025887 |
| 020 ## - INTERNATIONAL STANDARD BOOK NUMBER | |
| International Standard Book Number | 0870152327 : |
| 082 00 - DEWEY DECIMAL CLASSIFICATION NUMBER | |
| Classification number | 330.94 |
| Item number | T925 |
| 090 ## - LOCALLY ASSIGNED LC-TYPE CALL NUMBER (OCLC); LOCAL CALL NUMBER (OCLC) | |
| -- | 1530 |
| -- | 1530 |
| 100 ## - MAIN ENTRY--PERSONAL NAME | |
| Personal name | Tuma, Elias H. |
| 245 10 - TITLE STATEMENT | |
| Title | European economic history : |
| Remainder of title | tenth century to the present : theory and history of economic change / |
| Statement of responsibility, etc | Elias H. Tuma. |
| 260 ## - PUBLICATION, DISTRIBUTION, ETC. (IMPRINT) | |
| Place of publication, distribution, etc | Palo Alto, Calif. : |
| Name of publisher, distributor, etc | Pacific Books,1979 |
| Date of publication, distribution, etc | 1979 |
| 300 ## - PHYSICAL DESCRIPTION | |
| Extent | x, 384 p. : |
| Other physical details | ill. ; |
| Dimensions | 26 cm. |
| 500 ## - GENERAL NOTE | |
| General note | Reprint of the ed. published by Harper & Row, New York. |
| 504 ## - BIBLIOGRAPHY, ETC. NOTE | |
| Bibliography, etc | Includes bibliographies and index. |
| 651 #0 - SUBJECT ADDED ENTRY--GEOGRAPHIC NAME | |
| Geographic name | Europe |
| General subdivision | Economic conditions. |
| 942 ## - ADDED ENTRY ELEMENTS (KOHA) | |
| Item type | Book - Borrowing |
| Call number prefix | 330.94T925 |
| Withdrawn status | Item status | Damaged status | Not for loan | Home library | Current library | Shelving location | Date acquired | Source of acquisition | Total Checkouts | Full call number | Barcode | Date last seen | Date last borrowed | Koha item type |
|---|---|---|---|---|---|---|---|---|---|---|---|---|---|---|
| Central Library | Central Library | First floor | 11/04/2007 | Purchase | 4 | 330.94 TUM | 000002828 | 15/07/2025 | 25/07/2011 | Book - Borrowing |